00495nam a2200193 a 4500001001300000003000900013005001700022008004100039020001000080082001700090100002300107245002200130260004700152300000800199500003500207505001300242650002300255700002300278nice12345678IN_TiNIC20260116011304.0050524s0000 laha grp 000 0 urd  ac0.500a297.409bSHU aShuhrat, Nisar Ali aNizamuddin Awliya aLahorebAllah Waaley Ki Qawmi Dukaanc0000 a00p aincludes index and biblioraphy2 aAppendix aSufism-Hagiography1 aShuhrat, Nisar Ali